Una experiencia de integración curricular en Educación Básica

Spremljeno u:
Bibliografski detalji
Glavni autor: Arráez B., Morela (Autor)
Format: Knjiga
Jezik:španjolski
Izdano: Caracas Barquisimeto 2005
Izdanje:1a. ed
Teme:
Oznake: Dodaj oznaku
Bez oznaka, Budi prvi tko označuje ovaj zapis!

MARC

LEADER 00000nam a2200000 a 4500
001 UCJ2744
003 CL-VaPUC
008 070112e20050000ve |||||||||||||||||spa|d
020 |a 9802810916 
082 0 4 |a 375  |b ARR  |2 21 
100 0 |a Arráez B., Morela  |e author  |9 503676 
245 1 4 |a Una experiencia de integración curricular en Educación Básica 
250 |a 1a. ed 
300 |a 104 p 
942 |c BK 
945 |d 20070112 00:00:00  |a lvergara 
260 |a Caracas  |b Barquisimeto  |c 2005 
650 7 |a INTEGRACION CURRICULAR  |2 CL-VaPUC  |9 503677 
650 0 |a Currículo  |9 307290 
583 |a last modification  |c 20171004 05:24:06  |k Rodrigo Vera 
999 |c 318876  |d 318874 
952 |0 0  |1 0  |4 0  |6 375_000000000000000_ARR_2005  |7 0  |8 A  |9 397072  |a BIBEDU  |b BIBEDU  |d 2019-11-22  |i 4295633  |o 375 ARR 2005  |p 4295633  |r 2019-11-22  |w 2019-11-22  |y BK  |k EDU